<?xml version="1.0" encoding="UTF-8"?>
<record
    xmlns:xsi="http://www.w3.org/2001/XMLSchema-instance"
    xsi:schemaLocation="http://www.loc.gov/MARC21/slim http://www.loc.gov/standards/marcxml/schema/MARC21slim.xsd"
    xmlns="http://www.loc.gov/MARC21/slim">

  <leader>00931nam a22002657a 4500</leader>
  <controlfield tag="003">SEM</controlfield>
  <controlfield tag="005">20251201160803.0</controlfield>
  <controlfield tag="008">251002s1991    ai ||||gr||||||01|||arm|d</controlfield>
  <datafield tag="020" ind1=" " ind2=" ">
    <subfield code="a">5010031949</subfield>
  </datafield>
  <datafield tag="040" ind1=" " ind2=" ">
    <subfield code="a">SEM</subfield>
    <subfield code="c">SEM</subfield>
  </datafield>
  <datafield tag="041" ind1=" " ind2=" ">
    <subfield code="a">rus</subfield>
    <subfield code="h">eng</subfield>
  </datafield>
  <datafield tag="080" ind1=" " ind2=" ">
    <subfield code="a">92&#x589;947/&#x41A;-12&#x41A;</subfield>
  </datafield>
  <datafield tag="100" ind1=" " ind2=" ">
    <subfield code="a">&#x41A;&#x430;&#x433;&#x430;&#x43D;, &#x421;&#x442;&#x44E;&#x430;&#x440;&#x442;</subfield>
  </datafield>
  <datafield tag="245" ind1=" " ind2=" ">
    <subfield code="a">&#x41A;&#x440;&#x435;&#x43C;&#x43B;&#x435;&#x432;&#x441;&#x43A;&#x438;&#x439; &#x432;&#x43E;&#x43B;&#x43A; /</subfield>
    <subfield code="c">&#x421;. &#x41A;&#x430;&#x433;&#x430;&#x43D; ;  &#x420;&#x435;&#x434;&#x2024;&#x589; &#x415;. &#x41C;. &#x41A;&#x43E;&#x436;&#x43E;&#x43A;&#x438;&#x43D; ; &#x41F;&#x435;&#x440;&#x2024;&#x589; &#x41D;&#x2024; &#x421;&#x2024; &#x421;&#x435;&#x440;&#x435;&#x433;&#x438;&#x43D;</subfield>
  </datafield>
  <datafield tag="246" ind1=" " ind2=" ">
    <subfield code="a">The wolf of the kremlin /</subfield>
  </datafield>
  <datafield tag="260" ind1=" " ind2=" ">
    <subfield code="a">&#x41C;&#x43E;&#x441;&#x43A;&#x432;&#x430; :</subfield>
    <subfield code="b">&#xAB;&#x41F;&#x440;&#x43E;&#x433;&#x440;&#x435;&#x441;&#xBB;,</subfield>
    <subfield code="c">1991.</subfield>
  </datafield>
  <datafield tag="300" ind1=" " ind2=" ">
    <subfield code="a">304 &#x441;. ;</subfield>
    <subfield code="c">21 &#x441;&#x43C;</subfield>
  </datafield>
  <datafield tag="600" ind1=" " ind2=" ">
    <subfield code="a">&#x41A;&#x430;&#x433;&#x430;&#x43D;&#x43E;&#x432;&#x438;&#x447;, &#x41B;&#x430;&#x437;&#x430;&#x440;&#x44C; &#x41C;&#x43E;&#x438;&#x441;&#x435;&#x435;&#x432;&#x438;&#x447;</subfield>
  </datafield>
  <datafield tag="650" ind1=" " ind2=" ">
    <subfield code="a">&#x418;&#x441;&#x442;&#x43E;&#x440;&#x438;&#x44F;</subfield>
    <subfield code="x">&#x411;&#x438;&#x43E;&#x433;&#x440;&#x430;&#x444;&#x438;&#x44F;</subfield>
    <subfield code="z">&#x421;&#x421;&#x421;&#x420;</subfield>
  </datafield>
  <datafield tag="650" ind1=" " ind2=" ">
    <subfield code="a">&#x420;&#x435;&#x43F;&#x440;&#x435;&#x441;&#x441;&#x438;&#x438; 30-40-&#x445; </subfield>
  </datafield>
  <datafield tag="653" ind1=" " ind2=" ">
    <subfield code="a">&#x54D;&#x537;&#x544;</subfield>
  </datafield>
  <datafield tag="700" ind1=" " ind2=" ">
    <subfield code="a">&#x41A;&#x43E;&#x436;&#x43E;&#x43A;&#x438;&#x43D;, &#x415;. &#x41C;. </subfield>
    <subfield code="e">&#x440;&#x435;&#x434;&#x2024;</subfield>
    <subfield code="4">edt.</subfield>
  </datafield>
  <datafield tag="700" ind1=" " ind2=" ">
    <subfield code="a">&#x421;&#x435;&#x440;&#x435;&#x433;&#x438;&#x43D;,  &#x41D;&#x2024; &#x421;&#x2024; </subfield>
    <subfield code="e">&#x43F;&#x435;&#x440;&#x2024; </subfield>
    <subfield code="4">trl. </subfield>
  </datafield>
  <datafield tag="942" ind1=" " ind2=" ">
    <subfield code="2">udc</subfield>
    <subfield code="c">BK</subfield>
    <subfield code="n">0</subfield>
  </datafield>
  <datafield tag="999" ind1=" " ind2=" ">
    <subfield code="c">77016</subfield>
    <subfield code="d">77016</subfield>
  </datafield>
  <datafield tag="952" ind1=" " ind2=" ">
    <subfield code="0">0</subfield>
    <subfield code="1">0</subfield>
    <subfield code="2">udc</subfield>
    <subfield code="4">0</subfield>
    <subfield code="7">0</subfield>
    <subfield code="8">&#x533;&#x580;&#x561;&#x57A;&#x561;&#x570;&#x578;&#x581;</subfield>
    <subfield code="a">SEM</subfield>
    <subfield code="b">SEM</subfield>
    <subfield code="d">2025-10-02</subfield>
    <subfield code="g">1500.00</subfield>
    <subfield code="i">&#x420;&#x443;&#x441;-10945</subfield>
    <subfield code="l">0</subfield>
    <subfield code="o">92&#x589;947/&#x41A;-12&#x41A;</subfield>
    <subfield code="p">&#x420;&#x443;&#x441;-10945</subfield>
    <subfield code="r">2025-10-02</subfield>
    <subfield code="w">2025-10-02</subfield>
    <subfield code="y">BK</subfield>
    <subfield code="z">&#x54D;&#x57A;&#x561;&#x57D;&#x561;&#x580;&#x56F;&#x57E;&#x578;&#x582;&#x574; &#x567; &#x568;&#x576;&#x569;&#x565;&#x580;&#x581;&#x561;&#x57D;&#x580;&#x561;&#x570;</subfield>
  </datafield>
</record>
